| 000 | 00641nam a22002177a 4500 | ||
|---|---|---|---|
| 003 | UA-OsUOA | ||
| 001 | 39065 | ||
| 007 | ta | ||
| 008 | 20080304b un ||||| |||| 00| 0 ukr d | ||
| 090 |
_a09/050 _bХ56 |
||
| 942 | _cMG | ||
| 040 |
_aUA-OsUOA _bukr _cUA-OsUOA _dUA-OsUOA |
||
| 245 | _aХліборобська Україна | ||
| 955 | _a1 | ||
| 041 | _aukr | ||
| 080 | _a09/050 | ||
| 260 |
_aВідень _bВидання Ініціятивної групи українського союзу хліборобів державників |
||
| 310 | _aЗбірник V, VI, 1921; VII, VIII 1922-1923 | ||
| 650 | 7 | _2UDC | |
| 999 |
_c437575 _d437575 |
||